World Map Countries are Slowly Disappearing (Reverse Order) - Statistics

General Stats
  • This quiz has been taken 112 times
  • The average score is 123 of 196
Answers on the Map
Answers color-coded by a green-red scale on the quiz's map according to % correct below.
 
Answer Stats
Country % Correct
United States
91%
Canada
88%
Russia
83%
Brazil
78%
China
76%
India
74%
Mexico
72%
United Kingdom
72%
Bahamas
70%
Iran
70%
Algeria
68%
Australia
68%
Denmark
68%
Dominican Republic
68%
Finland
68%
Kazakhstan
68%
Norway
68%
Sweden
68%
Chad
67%
Egypt
67%
Mongolia
67%
Peru
67%
Saudi Arabia
67%
Spain
67%
Sudan
67%
Ukraine
67%
Zambia
67%
Angola
66%
Argentina
66%
Benin
66%
Bhutan
66%
Bolivia
66%
Botswana
66%
Ecuador
66%
France
66%
Germany
66%
Mali
66%
Niger
66%
Oman
66%
Poland
66%
South Sudan
66%
Vietnam
66%
Zimbabwe
66%
Colombia
64%
Guyana
64%
Haiti
64%
Laos
64%
Lesotho
64%
Malawi
64%
Mauritania
64%
Mozambique
64%
Namibia
64%
Panama
64%
Togo
64%
Uzbekistan
64%
Venezuela
64%
Yemen
64%
Afghanistan
63%
Azerbaijan
63%
Belize
63%
Central African Republic
63%
Comoros
63%
Democratic Republic of the Congo
63%
El Salvador
63%
Eritrea
63%
Ethiopia
63%
Gabon
63%
Georgia
63%
Ghana
63%
Indonesia
63%
Iraq
63%
Ireland
63%
Jordan
63%
Kiribati
63%
Libya
63%
Marshall Islands
63%
Nauru
63%
Nicaragua
63%
Nigeria
63%
Paraguay
63%
Portugal
63%
Romania
63%
Rwanda
63%
São Tomé and Príncipe
63%
Senegal
63%
Suriname
63%
Tajikistan
63%
Thailand
63%
Tonga
63%
Turkmenistan
63%
Tuvalu
63%
Albania
62%
Andorra
62%
Armenia
62%
Austria
62%
Belarus
62%
Bosnia and Herzegovina
62%
Burkina Faso
62%
Burundi
62%
Cambodia
62%
Cameroon
62%
Federated States of Micronesia
62%
Fiji
62%
Guatemala
62%
Guinea
62%
Honduras
62%
Japan
62%
Liberia
62%
Maldives
62%
Mauritius
62%
Moldova
62%
Morocco
62%
Myanmar
62%
North Macedonia
62%
Palau
62%
Saint Kitts and Nevis
62%
Slovenia
62%
Solomon Islands
62%
Somalia
62%
Tanzania
62%
Tunisia
62%
Uganda
62%
Bangladesh
61%
Bulgaria
61%
Chile
61%
Costa Rica
61%
Cuba
61%
Cyprus
61%
Dominica
61%
Equatorial Guinea
61%
Estonia
61%
Gambia
61%
Guinea-Bissau
61%
Italy
61%
Ivory Coast
61%
Kenya
61%
Kosovo
61%
Kuwait
61%
Kyrgyzstan
61%
Latvia
61%
Lithuania
61%
Montenegro
61%
Nepal
61%
Pakistan
61%
Papua New Guinea
61%
Republic of the Congo
61%
Samoa
61%
South Africa
61%
Sri Lanka
61%
Turkey
61%
United Arab Emirates
61%
Uruguay
61%
Vanuatu
61%
Bahrain
59%
Brunei
59%
Cape Verde
59%
Croatia
59%
Djibouti
59%
Eswatini
59%
Jamaica
59%
Lebanon
59%
North Korea
59%
Qatar
59%
Serbia
59%
Sierra Leone
59%
South Korea
59%
Antigua and Barbuda
58%
Barbados
58%
Belgium
58%
Czech Republic
58%
East Timor
58%
Iceland
58%
Israel
58%
Luxembourg
58%
Malaysia
58%
Malta
58%
New Zealand
58%
Saint Lucia
58%
Saint Vincent and the Grenadines
58%
Seychelles
58%
Slovakia
58%
Taiwan
58%
Greece
57%
Liechtenstein
57%
Madagascar
57%
Netherlands
57%
Syria
57%
Vatican City
57%
Hungary
55%
Philippines
55%
San Marino
55%
Switzerland
55%
Trinidad and Tobago
55%
Monaco
53%
Singapore
51%
Grenada
49%
No matching quizzes found
Score Distribution
Percent of People with Each Score
Percentile by Number Answered
Your Score History
You have not taken this quiz